000 00632nam a2200205 u 4500
005 20240228064249.0
008 160725s2003 r 000 0 eng d
020 _a8484522830
035 _aUPN01000211912
049 _aI
050 4 _aPZ7
_bP3.5
100 1 _aParnell, Fran
_939364
245 1 1 _a¡Monstruos! /
_cFran Parnell ; tr. de Fina Marfa ; il. de Sophie Fatus.
260 _aBarcelona, Esp. :
_bIntermón Oxfam,
_c2003.
300 _a63 p. :
_bil.
650 0 _aLiteratura infantil inglesa
_911046
650 4 _aCuentos infantiles ingleses
_910002
650 4 _aLibros y lectura para niños
_92290
905 _aInfantil
999 _c184013
_d184013